Quantum mechanics: A gradute course (Record no. 1237816)

MARC details
000 -LEADER
fixed length control field 00671nam a2200229Ia 4500
005 - DATE AND TIME OF LATEST TRANSACTION
control field 20250117103604.0
008 - FIXED-LENGTH DATA ELEMENTS--GENERAL INFORMATION
fixed length control field 008 250103s9999 xx 000 0 eng d
020 ## - INTERNATIONAL STANDARD BOOK NUMBER
International Standard Book Number 9781108838733
037 ## - SOURCE OF ACQUISITION
Stock number Textual
040 ## - CATALOGING SOURCE
Original cataloging agency CSL
Language of cataloging eng
Transcribing agency CSL
041 ## - LANGUAGE CODE
Language code of text/sound track or separate title eng
Source of code eng
084 ## - COLON CLASSIFICATION NUMBER
Classification number CN1 R3
Assigning agency CSL
100 ## - MAIN ENTRY--PERSONAL NAME
Personal name Nastase, Horatiu
9 (RLIN) 731831
245 #0 - TITLE STATEMENT
Title Quantum mechanics: A gradute course
Statement of responsibility, etc. Nastase, Horatiu
260 ## - PUBLICATION, DISTRIBUTION, ETC.
Place of publication, distribution, etc. Cambridge
Name of publisher, distributor, etc. Cambridge University Press
Date of publication, distribution, etc. 2023
300 ## - PHYSICAL DESCRIPTION
Extent xxi, 656p. ill.
650 ## - SUBJECT ADDED ENTRY--TOPICAL TERM
Topical term or geographic name entry element Nuclear quantum mechanics
9 (RLIN) 734067
650 ## - SUBJECT ADDED ENTRY--TOPICAL TERM
Topical term or geographic name entry element Scattering theory
650 ## - SUBJECT ADDED ENTRY--TOPICAL TERM
Topical term or geographic name entry element Physics
942 ## - ADDED ENTRY ELEMENTS (KOHA)
Koha item type Textual
Classification part CN1 R3
Holdings
Withdrawn status Lost status Damaged status Not for loan Home library Current library Date acquired Source of acquisition Inventory number Total Checkouts Full call number Barcode Date last seen Price effective from Koha item type
        Central Science Library Central Science Library 2025-01-17 DSR Publishers & Distributors 638, 12/12/2023   CN1 R3 SL1655766 2025-01-17 2025-01-17 Textual
Copyright @ Delhi University Library System